| 000 | 00510nam a2200217Ia 4500 | ||
|---|---|---|---|
| 003 | 0100 | ||
| 008 | 130227s9999 xx 000 0 und d | ||
| 040 | _cARRUPELIB | ||
| 050 | _aBX830.1962A7C561 | ||
| 100 | _aRatzinger, Joseph et al. | ||
| 245 | 4 | _aThe Church to-day | |
| 260 | _aCork | ||
| 260 | _bMercier Press | ||
| 260 | _C1967 | ||
| 300 | _a79p | ||
| 300 | _b 18cm | ||
| 440 | _aThelogical burning points n.2 | ||
| 650 | _bAfrica - History | ||
| 700 | _aMary Ignatius (tr) | ||
| 942 |
_2lcc _02 |
||
| 999 |
_c6323 _d6323 |
||